| 000 | 00534nam a2200181Ia 4500 | ||
|---|---|---|---|
| 008 | 100917s9999 xx 000 0 und d | ||
| 082 | _b13836 | ||
| 100 | _aमहाकवी कालिदास | ||
| 245 | _aसार्थ मेघदूत काव्य | ||
| 260 | _b--- | ||
| 300 | _a52 | ||
| 365 | _b0.5 | ||
| 520 | _aकविता | ||
| 630 | _aसार्थ मेघदूत काव्य | ||
| 650 | _aकविता | ||
| 730 | _aसार्थ मेघदूत काव्य | ||
| 942 | _cBOOK | ||
| 999 |
_c619230 _d619227 |
||